Age with a future : proceedings /

Saved in:
Bibliographic Details
Corporate Authors: International Congress of Gerontology Copenhagen, International Association of Gerontology
Other Authors: Hansen, Per From (ed.)
Format: Conference Proceeding Book
Language:English
Published: [Copenhagen] : Munksgaard, 1964.
Subjects:
LEADER 01137nam a2200301 a 4500
001 c000172932
003 CARM
005 20040309150301.0
008 700114s1964 dk a b 100 0 eng
010 |a 78226220 
019 1 |a 89311  |5 LACONCORD2021 
035 |a (OCoLC)50697  |5 LACONCORD2021 
040 |a LC  |b eng  |c LC 
050 0 0 |a RC952  |b .I492 1963 
082 0 4 |a 621.67 
111 2 |a International Congress of Gerontology  |n 6th :  |d 1963 :  |c Copenhagen 
245 1 0 |a Age with a future :  |b proceedings /  |c Edited by P. From Hansen. 
260 |a [Copenhagen] :  |b Munksgaard,  |c 1964. 
300 |a 662 p. :  |b illus. ;  |c 25 cm. 
504 |a Includes bibliographies. 
500 |a Sponsored by the International Association of Gerontology. 
650 0 |a Geriatrics  |v Congresses. 
650 2 |a Aging  |v Congresses. 
700 1 |a Hansen, Per From,  |e ed. 
710 2 |a International Association of Gerontology. 
852 8 |b CARM  |h A2:AJ02A0  |i B05308  |p 0165653  |f BK 
999 f f |i a84493cb-2db4-568d-8ce7-a616f26ed304  |s b0c06070-4bb5-5387-a4a9-137ceadb6c93 
952 f f |p Can circulate  |a CAVAL  |b CAVAL  |c CAVAL  |d CARM 1 Store  |e B05308  |f A2:AJ02A0  |h Other scheme  |i book  |m 0165653